Space plasma physics : An Introduction
Đã lưu trong:
| Príomhúdar: | |
|---|---|
| Formáid: | Leabhar |
| Teanga: | Undetermined |
| Foilsithe: |
New Dehli, India
Narosa
2004
|
| Ábhair: | |
| Clibeanna: |
Cuir Clib Leis
Gan Chlibeanna, Bí ar an gcéad duine leis an taifead seo a chlibeáil!
|
| Thư viện lưu trữ: | Trung tâm Học liệu Trường Đại học Cần Thơ |
|---|
| LEADER | 00568nam a2200205Ia 4500 | ||
|---|---|---|---|
| 001 | CTU_129020 | ||
| 008 | 210402s9999 xx 000 0 und d | ||
| 020 | |c 1353000 | ||
| 082 | |a 523.01 | ||
| 082 | |b D229 | ||
| 100 | |a Das, A. C. | ||
| 245 | 0 | |a Space plasma physics : | |
| 245 | 3 | |b An Introduction | |
| 245 | 2 | |c A C Das | |
| 260 | |a New Dehli, India | ||
| 260 | |b Narosa | ||
| 260 | |c 2004 | ||
| 650 | |a Space plasmas.,Astrophysics,Thiên thạch,Vật lý học thiên thể | ||
| 904 | |i Minh | ||
| 980 | |a Trung tâm Học liệu Trường Đại học Cần Thơ | ||